|
|
|
|
| LEADER |
00000nam a2200000Ii 4500 |
| 001 |
DIGEDICNSB0120 |
| 003 |
NyNyDIG |
| 008 |
221020s2014 sp ac o 001 0 spa d |
| 006 |
m o d |
| 007 |
cr ||||||||||| |
| 035 |
|
|
|a (OCoLC)1379432347
|
| 040 |
|
|
|a DGITA
|b eng
|e rda
|e pn
|c DGITA
|
| 020 |
|
|
|a 9788490198889
|q eBook
|
| 020 |
|
|
|z 9788466655552
|
| 041 |
1 |
|
|a spa
|h eng
|
| 043 |
|
|
|a n-cn---
|a n-us---
|
| 050 |
1 |
4 |
|a TL789.85.H34 ebook
|
| 100 |
1 |
|
|a Hadfield, Chris,
|d 1959-
|e author.
|
| 240 |
1 |
0 |
|a Astronaut's guide to life on Earth.
|l Spanish
|s (Soler Chic)
|
| 245 |
1 |
0 |
|a Guía de un astronauta para vivir en la Tierra /
|c Chris Hadfield ; traducción de Joan Soler Chic.
|
| 250 |
|
|
|a Edición en formato digital.
|
| 264 |
|
1 |
|a Barcelona (España) :
|b Ediciones B,
|c [2014]
|
| 300 |
|
|
|a 1 online resource :
|b illustrations, portraits.
|
| 336 |
|
|
|a text
|b txt
|2 rdacontent
|
| 337 |
|
|
|a computer
|b c
|2 rdamedia
|
| 338 |
|
|
|a online resource
|b cr
|2 rdacarrier
|
| 347 |
|
|
|a text file
|2 rdaft
|
| 347 |
|
|
|b EPUB
|
| 500 |
|
|
|a "Lo que viajar al espacio me enseñó sobre el ingenio, la determinación y cómo estar preparado para todo."
|
| 500 |
|
|
|a Includes index.
|
| 588 |
0 |
|
|a Online resource; title from ePub title page (Digitalia, viewed October 20, 2022)
|
| 600 |
1 |
0 |
|a Hadfield, Chris,
|d 1959-
|
| 650 |
|
0 |
|a Astronauts
|z Canada
|v Biography.
|
| 650 |
|
0 |
|a Manned space flight
|x History.
|
| 610 |
2 |
0 |
|a United States.
|b National Aeronautics and Space Administration
|x History.
|
| 700 |
1 |
|
|a Soler Chic, Joan,
|e translator.
|
| 700 |
1 |
|
|i Translation of:
|a Hadfield, Chris,1959-
|t Astronaut's guide to life on Earth.
|
| 791 |
2 |
|
|a Digitalia (Firm),
|e distributor.
|
| 793 |
0 |
|
|g Digitalia eBook Collection:
|a Ediciones B
|
| 776 |
0 |
8 |
|i Print version:
|a Hadfield, Chris, 1959-
|s Astronaut's guide to life on Earth. Spanish (Soler Chic).
|t Guía de un astronauta para vivir en la Tierra.
|d Barcelona (España) : Ediciones B, [2014]
|z 9788466655552
|
| 856 |
4 |
0 |
|3 Digitalia Hispánica
|u https://www.digitaliapublishing.com/a/53534/
|
| 910 |
|
|
|a Premium collection: 2022
|